Sanat - "Viidestoista yö" - Juice Leskinen - Statistics

Yleistilastot
  • Tätä visaa on pelattu 906 kertaa
  • Keskiarvotulos 135 / 199
Vastaustilastot
Sanat % Oikein
97%
yö,
97%
Ja
95%
Viidestoista
94%
kun
89%
Kun
89%
saapuu
89%
en
87%
on
87%
on,
87%
On
87%
taas
83%
Taas
83%
painajaisineen
81%
tiedä
80%
aamu
79%
herään.
79%
jos
79%
Sun
78%
unta
78%
jään
77%
käperryn
77%
katson
77%
maailmaa
77%
nään
77%
sallit
77%
samaa
77%
samaa'
77%
yöksi
77%
hullu
76%
kainaloosi
76%
kanssas
76%
Kuin
76%
perään!
75%
huudan
74%
missä
74%
rakkauteni
74%
Aina
68%
aina
68%
turhaa
66%
elämä,
65%
kaikki,
65%
ei
64%
itsemurhaa.
64%
paitsi
64%
tekee
64%
ihmiskunta
63%
minä
62%
se
61%
jaksa
58%
uskoa'
57%
ihmiseen
56%
uudelleen
55%
eksyneen
54%
koskaan
54%
lapsen
54%
hintaa.
53%
katse
53%
kysy
53%
orpo
53%
oikein
52%
pommikonelaivueen
52%
Silmissäni
52%
Käy
51%
lailla
51%
Rakkautesi
49%
rintaa
49%
jäljet
47%
huomaan
45%
vihloo
45%
unohtuneen
44%
viikon
44%
kahden
42%
päälle
42%
pimeys
42%
läpi
35%
pohjoiseen
35%
etelästä
34%
tuuli
34%
pääni,
31%
uneen.
30%
raunioilla
28%
pääsen
27%
ajatusten
26%
yksin
26%
vihdoin
25%
Oon
24%
sanat
24%
autioituneen
23%
että
23%
tyhjyyteen
23%
hiekkaa
22%
rannan
22%
hartioilla.
21%
kolisevat
21%
viitta
21%
jälleen
20%
olla
20%
tuskan
20%
Voi
19%
Ikuisesti
17%
Jäi
16%
iholleni
15%
Ehtoja vastaavia visoja ei löytynyt
Tulosjakauma
Jokaisen tuloksen saaneiden osuus
Persentiili vastausten määrän mukaan
Tuloshistoriasi
Et ole pelannut tätä visaa